ROBUST CONTROL OF ELECTRICAL DRIVES

Podrobná bibliografia
Hlavní autori: Balara, Ladislav (Autor), Zboray, Ladislav, 1929-2010 (Autor)
Médium: Článok
Jazyk:angličtina
ISBN:8088964849

MARC

LEADER 00000naa a2200000uu 4500
001 vtls011054312
003 SK-MaSNL
005 20260302134956.0
008 210910|2001 xo |||||||||||||||||eng|
015 |a SNBRA 
035 |a (urnnbn)urn:nbn:sk:snk:ar-a0bxb9 
035 |a (uuid)7e467959-24fe-46ad-b34f-62241040957a 
035 |a urn:nbn:sk:snk-aav40e 
040 |a SNKBUCL  |b slo  |c SNKBUCL  |e AACR2 
041 0 |a eng 
044 |a xo  |c SK 
100 1 |a Balara, Ladislav  |4 aut  |9 464500 
245 1 0 |a ROBUST CONTROL OF ELECTRICAL DRIVES  |c Ladislav Balara, Ladislav Zboray 
700 1 |a Zboray, Ladislav,  |d 1929-2010  |4 aut  |9 203236 
773 0 |t 2. Internal scientific conference of the Faculty of electrical engineering and informatics  |d Košice : Elfa], 2001, 2001  |g S. 43-44  |z 8088964849 
958 |a OND 
958 |a article12 
958 |a chapter 
999 |c 1325259  |d 1327189